Ekonomie sociálních služeb
Gespeichert in:
| 1. Verfasser: | |
|---|---|
| Format: | Buch |
| Sprache: | Tschechisch |
| Veröffentlicht: |
Praha
ASPI
2003
|
| Schlagworte: | |
| Tags: |
Keine Tags, Fügen Sie das erste Tag hinzu!
|
MARC
| LEADER | 00000nam$a2200000$$$4500 | ||
|---|---|---|---|
| 001 | 0013137 | ||
| 005 | 20240306141343.4 | ||
| 020 | |a 80-86395-69-3 | ||
| 041 | 0 | |a cze | |
| 044 | |a CZ | ||
| 245 | 1 | 0 | |a Ekonomie sociálních služeb |c Ladislav Průša |
| 264 | 1 | |a Praha |b ASPI |c 2003 | |
| 300 | |a 151 s. | ||
| 610 | 2 | 0 | |a služby sociálne |
| 610 | 2 | 0 | |a politika sociálna |
| 610 | 2 | 0 | |a pomoc sociálna |
| 610 | 2 | 0 | |a potreby sociálne |
| 610 | 2 | 0 | |a ukazovatele sociálne |
| 610 | 2 | 0 | |a systémy sociálno-ekonomické |
| 610 | 2 | 0 | |a služby starostlivosti sociálnej |
| 610 | 2 | 0 | |a reformy sociálne |
| 610 | 2 | 0 | |a príspevky sociálne |
| 610 | 2 | 0 | |a ochrana sociálna |
| 610 | 2 | 0 | |a náklady sociálne |
| 610 | 2 | 0 | |a infraštruktúra sociálna |
| 610 | 2 | 0 | |a dávky sociálne |
| 100 | 1 | |a Průša, Ladislav | |